MEDIA LAW (Record no. 25742)

MARC details
000 -LEADER
fixed length control field 00338nam a22001457a 4500
003 - CONTROL NUMBER IDENTIFIER
control field SGT
020 ## - INTERNATIONAL STANDARD BOOK NUMBER
International Standard Book Number 9789391088736
082 ## - DEWEY DECIMAL CLASSIFICATION NUMBER
Classification number 343.099
Item number SIN
100 ## - MAIN ENTRY--PERSONAL NAME
Personal name SINGH RAKESH KUMAR
245 ## - TITLE STATEMENT
Title MEDIA LAW
Remainder of title INCLUDING RIGHT TO INFORMATION ACT
250 ## - EDITION STATEMENT
Edition statement 1
260 ## - PUBLICATION, DISTRIBUTION, ETC. (IMPRINT)
Place of publication, distribution, etc DELHI
Name of publisher, distributor, etc VINOD PUBLICATION
Year of Publication 2022
300 ## - PAGE DESCRIPTION
No. of Pages 577
942 ## - ADDED ENTRY ELEMENTS (KOHA)
Source of classification or shelving scheme Dewey Decimal Classification
Koha item type Books
Holdings
Withdrawn status Lost status Source of classification or shelving scheme Damaged status Not for loan Collection code Home library Current library Shelving location Date acquired Vendor Name Cost, normal purchase price SGTU Bill Number Full call number Accession No. (Barcode) Date last seen Bill Date Koha item type Total Checkouts Date last borrowed
    Dewey Decimal Classification   Not For Loan LAW SGT Science & Social Sciences Library SGT Science & Social Sciences Library Reference Book 24/02/2024 COMMERCIAL BOOK HOUSE 690.00 SGTU 2075 343.099 SIN FL3258 24/02/2024 06/02/2024 Books    
    Dewey Decimal Classification     LAW SGT Science & Social Sciences Library SGT Science & Social Sciences Library Text Book 24/02/2024 COMMERCIAL BOOK HOUSE 690.00 SGTU 2075 343.099 SIN FL3259 24/02/2024 06/02/2024 Books    
    Dewey Decimal Classification     LAW SGT Science & Social Sciences Library SGT Science & Social Sciences Library Text Book 24/02/2024 COMMERCIAL BOOK HOUSE 690.00 SGTU 2075 343.099 SIN FL3260 26/09/2025 06/02/2024 Books 2 10/09/2025
    Dewey Decimal Classification     LAW SGT Science & Social Sciences Library SGT Science & Social Sciences Library Text Book 24/02/2024 COMMERCIAL BOOK HOUSE 690.00 SGTU 2075 343.099 SIN FL3261 24/02/2024 06/02/2024 Books    
    Dewey Decimal Classification     LAW SGT Science & Social Sciences Library SGT Science & Social Sciences Library Text Book 24/02/2024 COMMERCIAL BOOK HOUSE 690.00 SGTU 2075 343.099 SIN FL3262 06/10/2025 06/02/2024 Books 1 06/10/2025